LEADER 01348naa a2200265 u 4500 001 000000110241 003 CaOOAMICUS 005 20080303115730.0 008 080303s2007 it u000 u ita u 040 $aPUL$bita$dLDB 100 1 $aEinaudi, Luigi,$d1874-1961.$0(OLS)http://pul/name/7188 245 10$aLettere (1908-1925) /$cLuigi Einaudi, Luigi Albertini ; a cura di Marzio Achille Romani, prefazione di Mario Monti. 260 $a[Milano] :$bFondazione Corriere della Sera,$cc2007. 300 $a199 p. ;$c17 cm. 490 1 $aCarte del Corriere 500 $aEdizione non venale stampata in tiritura limitata in occasione del Forum internazionale Economia e società aperta, realizzato dal "Corriere della Sera" e dall'Università Bocconi dal 9 al 12 maggio 2007. 504 $aBibliografia in nota. 700 1 $aRomani, Marzio Achille.$0(OLS)http://pul/name/62667 700 1 $aAlbertini, Luigi.$0(OLS)http://pul/name/67542 830 0$aCarte del Corriere.$0(OLS)http://pul/title/138616 850 $aPUL 852 $aPUL$W1$xSL Cons. Gen., Altre Classi 3$y75$m945. 092 ROMMA 1$j126263$qDDC 21$B124989$CPULBib$Z2$F124989 $H106454 $82 941 1 $a9 996 $6245$aLettere (1908-1925)$9(OLS)http://pul/title/138615 996 $6260$a[Milano] :$bFondazione Corriere della Sera$9(OLS)http://pul/publisher/79734 LEADER 01239nam a2200265 a 4500 001 000000162705 003 CaOOAMICUS 005 20170918112151.0 008 170918s1992 it m 001 u ita r 032 $aLibriCat 040 $aPUL$bita 100 1 $aFlorio, Giuseppe.$0(OLS)http://pul/name/104422 245 10$aDio e Cesare :$binterpretazione della pericope Mc 12,13-17 in questo secolo /$cGiuseppe Florio. 260 $aRoma :$bPontificia Università Gregoriana,$c1992. 300 $aXVII, 281 p. ;$c24 cm. 502 $aTesi -- Pontificia Universitas Gregoriana. Facultas theologiae. 1992. 504 $aBibliografia in nota. 630 04$aBiblia.$pN.T.$pMarcus.$0(OLS)http://pul/subject/37837 710 2 $aPontificia Università Gregoriana.$bFacoltà di teologia.$kTesi.$0(OLS)http://pul/name/81592 850 $aPUL 852 $aPUL$W1$xDP1 Tesi Pon. Univ. Gregoriana$y40$mTH PUG 3832$j186682$bTesi$q $B189926$CPULBib$Z2$F189926 $Hnull $81 941 1 $a16 996 $6245$aDio e Cesare :$binterpretazione della pericope Mc 12,13-17 in questo secolo$9(OLS)http://pul/title/202460 996 $6260$aRoma :$bPontificia Università Gregoriana$9(OLS)http://pul/publisher/47853